| 000 | 00639cam a2200253 4500 | ||
|---|---|---|---|
| 001 | ABS67048 | ||
| 008 | 030929n2003 000 0 eng u | ||
| 035 | _a(Sirsi) u123742 | ||
| 245 | _aFocus 2003: West End | ||
| 260 | _c2003 | ||
| 490 |
_aEstates Gazette _v0328 20 September 2003, 75-111(15) |
||
| 590 | _aABS | ||
| 650 | _aLONDON | ||
| 650 | _aWEST END OF LONDON | ||
| 650 | _aTRANSPORT | ||
| 650 | _aCROSSRAIL | ||
| 650 | _aOFFICE | ||
| 650 | _aRETAIL | ||
| 650 | _aDEVELOPMENT | ||
| 650 | _aINVESTMENT | ||
| 650 | _aSOCIAL HOUSING | ||
| 690 | _aPROPERTY-COMMERCIAL PROPERTY-COMMERCIAL PROPERTY MARKET | ||
| 942 | _n0 | ||
| 999 |
_c73475 _d73475 |
||